| 000 | 00707nam a2200217Ia 4500 | ||
|---|---|---|---|
| 003 | GCL | ||
| 008 | 140319s9999 xx 000 0 ara d | ||
| 040 |
_aGCL / _cGCL |
||
| 082 | 0 | 4 |
_a301.31 _bم م |
| 100 | 1 | _aمحمد صابر | |
| 245 | 1 | 0 |
_aمياه الزراعة: التصدى للقيود / _cمحمد صابر |
| 700 | 1 | _aبوستيل، ساندرا | |
| 260 |
_a[S.N] : _bالدار الدولية للنشر والتوزيع ، _c1992 |
||
| 300 | _a75 | ||
| 490 |
_aمعهد مراقبة البيئة العالمية ورلد واتش _v0 |
||
| 650 | 0 | 4 | _aالزراعة |
| 650 | 0 | 4 | _aالرى |
| 650 | 0 | 4 | _aالزراعة - مياة |
| 650 | 0 | 4 | _aالبيئة - علم |
| 942 |
_2ddc _cBK |
||
| 999 |
_c53781 _d53781 |
||